| 000 | 00960nas a2200313 4500 | ||
|---|---|---|---|
| 001 | BR2012004077 | ||
| 003 | BR-BrBNA | ||
| 005 | 20231205120652.0 | ||
| 007 | ta | ||
| 008 | 230509b bl.|||p| |||| 00| 00por d | ||
| 040 |
_aBR-BrBNA _bpor _cBiblioteca Nacional de Agricultura |
||
| 041 | _a(Pt) | ||
| 072 | _aE70 | ||
| 100 | 1 | _aPimentel, L.D. | |
| 100 | 1 | _aManfio, C.E. | |
| 100 | 1 | _aMotoike, S.Y. | |
| 100 | 1 | _aPaes, J.M.V. | |
| 100 | 1 | _aBruckner, C.H. | |
| 245 | 1 | _aCoeficientes técnicos e custos de produção do cultivo da macaúba | |
| 650 | _aMACAÚBA | ||
| 650 | _aÓLEO VEGETAL | ||
| 650 | _aBIOCOMBUSTÍVEL | ||
| 650 | _aPREÇO | ||
| 650 | _aCOMERCIALIZAÇÃO | ||
| 650 | _aCUSTO DE PRODUÇÃO | ||
| 773 | 0 |
_tInforme Agropecuário- Empresa de Pesquisa Agropecuária de Minas Gerais (Brazil) _xISSN 0100-3364 _g(Nov-Dec 2011), v. 32(265) p. 61-69 _wBR2012004077 |
|
| 909 |
_a202311 _bLúcia _c55 _dLúcia Elande |
||
| 942 |
_2AGRIS _n0 _cANA |
||
| 999 |
_c219669 _d219669 |
||